00731nam a2200241 a 4500001001300000003000900013005001700022008004100039020002300080082001800103100001300121245003300134260005500167300000900222500003500231505003400266650002500300700001300325902000800338942000700346952011900353999001700472nice12345678IN_TiNIC20260116013725.0050524s1997 newa grp 000 0 eng  a8121504 c25000a954.0072bHAR aHardy, P aHistorians of Medieval India aNew Delhi bMunshiram Manoharlal Publishers c1997 a146p aincludes index and biblioraphy2 aGlossary, Bibliography, Index aIndia-Historiography1 aHardy, P bSRS cBK 001040708StackRoom-aHMIbHMId2007-04-03g250.00l0o954.0072 HARp018141r2007-04-03v250.00w2005-05-24yBK c12162d12162